000 00655cam a22002173a 4500
001 45925
003 PGUSA
005 20140828084054.0
008 140610s2014||||xxu|||||s|||||000 | eng d
040 _aPGUSA
_beng
042 _adc
100 1 _aDuncan, Sara Jeannette,
_d1861-1922
245 1 3 _aAn American Girl in London
_h[electronic resource] /
_cSara Jeannette Duncan
260 _bProject Gutenberg,
_c2014
506 _aPublic domain in the USA.
516 _aElectronic text
700 1 _aTownsend, F. H.
_q(Frederick Henry),
_d1868-1920
830 0 _aProject Gutenberg
_v45925
856 4 0 _uhttp://www.gutenberg.org/ebooks/45925
942 _cEB
999 _c275175
_d275175